00391 a2200109 4500001001000000005001700010008004100027245009400068100002600162773007600188999001700264ART_1380120260410161910.0260409a 10aPosibilidades de una planificación territorial para la transición en América Latina1 aCoraggio, José Luis0 tDemografía y economíag- Vol. XV, Nº 47 (jul./sep. 1981)wREV13200 c26774d26774